00720nam a2200229Ia 450000500170000000800410001702000180005804000180007604100080009408200220010210000210012424500940014525000120023926000500025130000250030165000230032665000380034965000310038765000400041870000130045870000190047120220615153552.0210716s2009 xx 000 0 und d a9788173198540 cAIMIT LIBRARY aeng a511.42 21bCHAS aChandra, Suresh. aNumerical optimization with applications /cBy Suresh Chandra, Jayadeva and Aparna Mehra. a1st ed. aNew Delhi :bNarosa Publishing House ,c2009. axiii,694p. ;c24 cm. aLinear programming aMathematics of the simplex method aInteger linear programming aAlgorithms in nonlinear programming aJayadeva aMehra, Aparna.